MARC

LEADER 00000nam0a2200000 4500
001 129002
005 20231031133143.0
035 |a (RuTPU)RU\TPU\book\139597 
090 |a 129002 
100 |a 20080117d1960 m y0rusy50 ca 
101 0 |a rus 
102 |a UA 
105 |a a j 000zy 
200 1 |a Двигатели внутреннего сгорания  |e учебное пособие  |f В. Т. Цветков 
205 |a 2-е изд. 
210 |a Харьков  |c Изд-во Харьковского ун-та  |d 1960 
215 |a 656 с.  |c ил. 
610 1 |a двигатели внутреннего сгорания 
610 1 |a карбюраторные двигатели 
610 1 |a поршни 
610 1 |a шатуны 
610 1 |a автотракторные дизели 
610 1 |a автотракторные двигатели 
610 1 |a охлаждение 
610 1 |a судовые двигатели 
610 1 |a элементы 
610 1 |a развитие 
610 1 |a расчет на прочность 
610 1 |a зажигание 
675 |a 621.43.0012(02)  |v 3 
700 1 |a Цветков  |b В. Т.  |g Василий Трофимович 
801 1 |a RU  |b 63413507  |c 20080117  |g PSBO 
801 2 |a RU  |b 63413507  |c 20090624  |g PSBO 
942 |c BK